000 01154cam a2200325 a 4500
001 1771
003 FISKH
005 20230929075940.0
008 961003s1997 nyua b 001 0 eng
010 _a 96047000
020 _a0516204327
040 _aDLC
_cDLC
_dDLC
_beng
042 _alcac
050 0 0 _aTJ810.3
_b.F69 1997
082 0 0 _a333.792/3
_221
100 1 _aFowler, Allan.
245 1 0 _aEnergy from the sun /
_cby Allan Fowler.
260 _aNew York :
_bChildren's Press,
_c1997.
300 _a31 pages :
_bcolor illustrations ;
_c19 cm.
440 0 _aRookie read-about science
505 _aO
520 _aDefines energy and examines how energy from the sun provides us with heat, light, plants, food and other things necessary for life on Earth.
521 8 _a600
_bLexile AD
521 8 _aO
_bRaz-Plus
650 0 _aSolar energy
_xJuvenile literature.
650 1 _aSolar energy.
906 _a7
_bcbc
_corignew
_d1
_eocip
_f19
_gy-gencatlg
942 _2ddc
_cBK
_n0
999 _c1771
_d1771